| 000 | 01076 a2200217 4500 | ||
|---|---|---|---|
| 001 | 30289 | ||
| 005 | 20260407155615.0 | ||
| 008 | 260407a1983 arg spa d | ||
| 003 | AR-UNSa-BCEJYS | ||
| 040 |
_aAR-UNSa-BCEJYS _bspa _cAR-UNSa-BCEJYS |
||
| 080 |
_a657.23 _xCompensaciones. Correcciones. Ajustes (devaluación monetaria) |
||
| 245 | 1 | 0 |
_aAjuste contable por inflación _pdesarrollo teórico- práctico del método y de las normas profesionales y legales que lo regulan |
| 020 | _a950-0109-20-4 | ||
| 250 | _a3a. ed | ||
| 264 | 1 |
_aBuenos Aires : _bTesis _c1983 |
|
| 300 |
_a228 p. _c23 cm. |
||
| 505 | _a1. Introducción: contabilidad e inflación - 2. Normas profesionales y legales que regulan la presentación de estados contables ajustados por inflación - 3. Ajuste integral: aspectos generales - 4. Ajuste integral: aspectos particulares - 5. Método simplificado para el ajuste integral de los estados contables - 6. Otras consideraciones - 7. Caso práctico completo | ||
| 942 | _cBK | ||
| 590 | _aniveau_biblio:m niveau_hierar:0 | ||
| 100 | 1 | _aBrojt, David | |
| 999 |
_c2087 _d2087 |
||